[Event "1st Capablanca Memorial 2017"]
[Site "Heraklion"]
[Date "2017.04.18"]
[Round "1"]
[White "Ivanov, Mikhail M"]
[Black "Anagnostopoulos, Konstantinos"]
[Result "1-0"]
[WhiteElo "2421"]
[BlackElo "2201"]
[Annotator "TA"]
[PlyCount "103"]
[EventDate "2017.??.??"]
[EventType "tourn"]
[EventCountry "GRE"]
[SourceTitle "playchess.com"]
[Source "ChessBase"]
[SourceQuality "1"]

{[%evp 10,103,20,-30,14,11,45,37,48,41,40,63,52,36,16,18,45,0,0,0,0,-22,-33,-84,-91,-149,-153,-195,-197,-214,-202,-181,-177,-255,-245,-294,-221,-255,-184,-185,-187,-185,-185,-185,-186,-174,-153,-163,-163,-167,-167,-167,-167,-343,-168,-168,-168,-168,-167,-168,-168,-168,-167,-167,0,0,0,0,0,-35,125,139,379,353,354,347,510,418,1033,1037,1033,1033,2119,2120,1589,1888,1641,1481,2573,2167,2363,2331,1743,1678,29974,29975]} 1. c4 Nf6 2. b3 c6 3. Bb2 d5 4. Nf3 Bf5 5. d3 e6 6. Nh4 {LiveBook: 3 Games. A12: English Opening: 1...c6 with b3 by White} (6. Nbd2 Nbd7 7. Nh4 Bg4 8. h3 Bh5 9. g4 Bg6 10. Bg2 Bd6 11. a3 a5 12. Ndf3 Qe7 13. Nd4 Nf8 14. e3 {1-0 (72) Bogdanovich,S (2591)-Mammadov,Z (2437) Baku 2016}) 6... Bg4 7. h3 Bb4+ 8. Nd2 {White is slightly better.} dxc4 9. bxc4 Ne4 10. dxe4 Qxh4 11. Bxg7 $146 (11. g3 Qh6 12. Bg2 Bh5 13. Bd4 Qxd2+ 14. Qxd2 Bxd2+ 15. Kxd2 {0-1 (36) Koehler,G-Limpert,M Germany 1995}) 11... Rg8 12. g3 Qe7 13. Bh6 ({Reject} 13. hxg4 Rxg7 14. Qc2 Na6 $11) 13... Bh5 14. Bg2 Na6 15. Qc1 O-O-O $36 {[%mdl 2048] Black is more active.} 16. a3 ({White should try} 16. Qb2 $15) 16... Ba5 $17 {[%mdl 1024] Black has strong compensation.} 17. Ra2 ({White should play} 17. Bf4) 17... Nc5 $1 {[%cal Rc5b3] ...Nb3 is the strong threat.} 18. Qc2 {[#]} Rg5 $1 {[%mdl 512]} 19. Qb1 (19. Bxg5 Qxg5) 19... Qf6 20. Bxg5 Qxg5 21. O-O (21. e3 $142) 21... Bxd2 $19 22. Bf3 Bxf3 23. exf3 h5 24. h4 Qf6 25. Rd1 Bc3 ({Stronger than} 25... Qxf3 26. Rdxd2 (26. Raxd2 Rxd2 27. Rxd2 Nxe4 $16) 26... Rxd2 27. Rxd2 $14) 26. Rxd8+ Qxd8 27. Qc1 Qf6 28. Qd1 e5 29. Rc2 Bd4 30. Kg2 Ne6 31. Qd3 $2 {[#]} (31. a4) 31... a5 (31... Qxh4 $142 $1 {[%mdl 512]} 32. Qd1 (32. gxh4 Nf4+) 32... Qg5) 32. Qd2 b6 33. Rc1 Kc7 34. Rb1 Bc5 35. a4 Bd4 36. Rd1 Qe7 $2 (36... Qg6 $19 {aiming for ...f6.} 37. Kh2 f6) 37. Qh6 $11 Nc5 38. Qxh5 Nxa4 39. Qf5 Nc5 $2 {[#]} (39... Nb2 $1 $15 {keeps the upper hand.} 40. Re1 a4) 40. h5 $1 $16 {[%cal Rh5h6] Strongly threatening h6.} Nd7 $2 (40... Qe6 $16 {might work better.}) 41. h6 $18 {Threatens to win with h7.} Nf8 {[#]} 42. Rh1 $1 ({Weaker is} 42. h7 Nxh7 43. Qxh7 Qe6 $16) 42... Ng6 (42... Qd7 {was called for.} 43. h7 Qxf5 44. exf5 e4) 43. h7 {Black must now prevent Qxg6!} a4 {[#]} (43... Qf8 $142 44. Qf6 Bc5) 44. Qxg6 $1 {[%mdl 512]} fxg6 45. h8=Q a3 46. Rh7 Qxh7 47. Qxh7+ Kd6 48. Qa7 Kc5 49. Qxa3+ Kxc4 50. Qa4+ Kc5 51. Qc2+ Kd6 52. f4 1-0

[Event "1st Capablanca Memorial 2017"]
[Site "Heraklion"]
[Date "2017.04.18"]
[Round "1"]
[White "Vuelban, Virgilio"]
[Black "Balokas, Dimitrios"]
[Result "1/2-1/2"]
[WhiteElo "2257"]
[BlackElo "2184"]
[Annotator "ChessBase"]
[PlyCount "71"]
[EventDate "2017.??.??"]
[EventType "tourn"]
[EventCountry "GRE"]
[SourceTitle "playchess.com"]
[Source "ChessBase"]
[SourceQuality "1"]
[TimeControl "40/5400+30:1800+30"]

1. d4 {[%emt 0:07:58]} Nf6 {[%emt 0:00:26]} 2. c4 {[%emt 0:00:26]} e6 {[%emt 0:00:09]} 3. Nc3 {[%emt 0:00:39]} Bb4 {[%emt 0:00:08]} 4. e3 {[%emt 0:03:42]} b6 {[%emt 0:00:08]} 5. Nge2 {[%emt 0:00:21]} Bb7 {[%emt 0:00:08]} 6. a3 {[%emt 0:00:09]} Bf8 {[%emt 0:00:41]} 7. d5 {[%emt 0:03:18]} exd5 {[%emt 0:01:27]} 8. cxd5 {[%emt 0:00:08]} g6 {[%emt 0:00:11]} 9. g3 {[%emt 0:01:16]} Bg7 {[%emt 0:00:09]} 10. Bg2 {[%emt 0:00:11]} O-O {[%emt 0:00:10]} 11. O-O {[%emt 0:00:45]} c5 {[%emt 0:01:13]} 12. e4 {[%emt 0:06:19]} d6 {[%emt 0:02:17]} 13. h3 {[%emt 0:10:20]} Re8 {[%emt 0:06:12]} 14. Bf4 {[%emt 0:01:39]} Nh5 {[%emt 0:09:56]} 15. Be3 {[%emt 0:03:40]} a6 {[%emt 0:14:52]} 16. a4 {[%emt 0:03:10]} Nd7 {[%emt 0:00:13]} 17. g4 {[%emt 0:10:58]} Nhf6 {[%emt 0:00:10]} 18. Ng3 Ne5 19. Qe2 {[%emt 0:28:10]} c4 {[%emt 0:25:44]} 20. g5 Nfd7 21. Qc2 Rc8 22. Nge2 Nc5 23. Nd4 {[%emt 0:05:11]} Ned3 {[%emt 0:15:36]} 24. f4 Rc7 25. Rab1 Rce7 26. Nc6 {[%emt 0:01:30]} Bxc6 {[%emt 0:09:30]} 27. dxc6 Nxe4 {[%emt 0:04:30]} 28. Nd5 {[%emt 0:02:00]} Ng3 {[%emt 0:02:30]} 29. Nxe7+ Rxe7 30. Qxc4 Rxe3 31. c7 Qc8 32. Rf3 Rxf3 33. Bxf3 Nc5 34. b4 Qxc7 35. bxc5 dxc5 36. Rd1 1/2-1/2

[Event "1st Capablanca Memorial 2017"]
[Site "Heraklion"]
[Date "2017.04.18"]
[Round "1"]
[White "Tsakiris, Haralambos"]
[Black "Langrock, Hannes"]
[Result "1/2-1/2"]
[WhiteElo "2250"]
[BlackElo "2387"]
[Annotator "ChessBase"]
[PlyCount "98"]
[EventDate "2017.??.??"]
[EventType "tourn"]
[EventCountry "GRE"]
[SourceTitle "playchess.com"]
[Source "ChessBase"]
[SourceQuality "1"]
[TimeControl "40/5400+30:1800+30"]

1. e4 {[%emt 0:00:00]} e6 {[%emt 0:00:34]} 2. d4 {[%emt 0:00:00]} d5 {[%emt 0:00:06]} 3. Nd2 {[%emt 0:00:00]} Nf6 {[%emt 0:00:17]} 4. e5 {[%emt 0:00:00]} Nfd7 {[%emt 0:00:07]} 5. Bd3 {[%emt 0:00:02]} c5 {[%emt 0:00:06]} 6. c3 {[%emt 0:00:04]} Nc6 {[%emt 0:00:10]} 7. Ne2 {[%emt 0:00:08]} cxd4 {[%emt 0:00:10]} 8. cxd4 {[%emt 0:00:05]} f6 {[%emt 0:00:08]} 9. exf6 {[%emt 0:00:16]} Nxf6 {[%emt 0:00:06]} 10. Nf3 {[%emt 0:00:07]} Bd6 {[%emt 0:00:26]} 11. O-O {[%emt 0:00:07]} Qc7 {[%emt 0:00:21]} 12. h3 {[%emt 0:00:20]} O-O {[%emt 0:00:48]} 13. Be3 {[%emt 0:00:33]} Bd7 {[%emt 0:02:53]} 14. Re1 {[%emt 0:01:21]} Be8 {[%emt 0:18:12]} 15. Ng5 {[%emt 0:02:49]} Bf7 {[%emt 0:00:35]} 16. Rc1 {[%emt 0:01:36]} Kh8 {[%emt 0:15:24]} 17. a3 {[%emt 0:07:27]} Rae8 {[%emt 0:09:32]} 18. b4 {[%emt 0:07:44]} Qb8 {[%emt 0:03:25]} 19. Qd2 Bg8 {[%emt 0:12:17]} 20. f4 {[%emt 0:57:07]} Ne7 21. Nf3 Rc8 22. Ne5 Rxc1 23. Rxc1 Rc8 24. Rxc8 Qxc8 25. Qc2 {[%emt 0:09:34]} Qe8 {[%emt 0:11:13]} 26. Nc3 a6 27. b5 Bxa3 28. Qb3 Bd6 29. bxa6 bxa6 30. Qb6 Qb8 31. Qxa6 Nf5 32. Bxf5 exf5 33. Nb5 Ne4 34. Bf2 Be7 35. Be1 Nd6 36. Nxd6 Qxd6 37. Qc8 Qe6 38. Qxe6 Bxe6 39. Bd2 Kg8 40. Kf2 {[%emt 0:00:00]} Bd6 {[%emt 0:30:58]} 41. Nd3 Bd7 42. Kf3 Bb5 43. Nf2 Ba4 {[%emt 0:04:59]} 44. g4 Bc2 45. Ke3 Kf7 46. Nh1 {[%emt 0:34:28]} h6 {[%emt 0:06:41]} 47. Nf2 Ke6 {[%emt 0:09:11]} 48. Kf3 Be4+ 49. Kg3 Bc2 1/2-1/2

[Event "1st Capablanca Memorial 2017"]
[Site "Heraklion"]
[Date "2017.04.18"]
[Round "1"]
[White "Taylor, Adam C"]
[Black "Hristodoulou, Panagiotis"]
[Result "1/2-1/2"]
[WhiteElo "2231"]
[BlackElo "2278"]
[Annotator "TA"]
[PlyCount "81"]
[EventDate "2017.??.??"]
[EventType "tourn"]
[EventCountry "GRE"]
[SourceTitle "playchess.com"]
[Source "ChessBase"]
[SourceQuality "1"]

{[%evp 15,81,-8,-9,-16,6,12,10,2,42,28,47,14,35,34,30,35,46,43,33,41,41,37,29,35,48,50,47,45,63,58,65,66,66,56,58,56,61,61,64,0,23,33,20,19,19,19,19,19,19,8,8,12,34,0,0,0,0,0,0,0,0,0,0,-3,0,-8,0,0]} 1. Nf3 d5 2. c4 e6 3. g3 Nf6 4. Bg2 dxc4 5. Qa4+ Nbd7 6. Qxc4 c5 7. O-O b6 8. d4 {A13: English Opening: 1...e6} (8. Nd4 Ne5 9. Nc6 Nxc4 10. Nxd8 Nd5 11. Nc3 Kxd8 12. Nxd5 Bb7 13. Nc3 Bxg2 14. Kxg2 Be7 15. Rd1 Bf6 16. d4 Ke7 17. dxc5 Bxc3 18. bxc3 bxc5 19. Kf3 {½-½ (19) Aronian,L (2785)-Cheparinov,I (2689) Doha 2016}) 8... Bb7 {LiveBook: 87 Games} 9. Bg5 cxd4 $146 (9... Be7 10. Rd1 O-O 11. Nc3 Rc8 12. Qa4 a6 13. dxc5 b5 14. Qh4 Rxc5 15. Ne5 Rxe5 16. Bxb7 {½-½ (25) Schlosser,P (2596)-Sokolov,A (2570) Belfort 2012}) 10. Nxd4 Bxg2 11. Kxg2 Rc8 12. Qa4 Qc7 13. Nc3 Qb7+ 14. Nf3 a6 15. Bxf6 $1 b5 16. Qe4 $1 {[%cal Re4b7]} Qxe4 17. Nxe4 Nxf6 18. Nxf6+ gxf6 19. a4 f5 20. axb5 axb5 21. Ra5 b4 22. Rb5 Bd6 23. Rd1 Ke7 24. Rb7+ Rc7 25. Rxc7+ Bxc7 $14 {[%mdl 4096] Endgame KRB-KRN} 26. Nd4 Be5 27. f4 (27. Nc6+ $1 $14 Kf6 28. Nxe5 (28. Nxb4 Bxb2 29. Nd3 Ba3 $11) 28... Kxe5 29. Rd7) 27... Bxd4 (27... Bf6 $5 {seems wilder.} 28. Nc6+ Kf8 29. b3 Kg7 30. Rd3 Rc8) 28. Rxd4 $11 {KR-KR} Rb8 29. b3 Rb7 30. Kf3 h5 31. Ke3 Rb8 32. Kd3 h4 33. gxh4 Rh8 34. Kc4 Rxh4 {The position is equal.} 35. e3 Rxh2 36. Kxb4 f6 37. Kc3 e5 38. Rc4 Kd6 39. Rc8 Kd5 40. Rf8 exf4 41. exf4 1/2-1/2

[Event "1st Capablanca Memorial 2017"]
[Site "Heraklion"]
[Date "2017.04.18"]
[Round "1"]
[White "Vanheirzeele, Daniel"]
[Black "Triantos, Konstantinos"]
[Result "0-1"]
[WhiteElo "2146"]
[BlackElo "2051"]
[Annotator "RC"]
[PlyCount "52"]
[EventDate "2017.??.??"]
[EventType "tourn"]
[EventCountry "GRE"]
[SourceTitle "playchess.com"]
[Source "ChessBase"]
[SourceQuality "1"]
[TimeControl "40/5400+30:1800+30"]

1. d4 {[%emt 0:00:00]} Nf6 {[%emt 0:00:21]} 2. c4 {[%emt 0:00:04]} e6 {[%emt 0:00:06]} 3. g3 {[%emt 0:00:08]} d5 {[%emt 0:00:11]} 4. Nf3 {[%emt 0:00:16]} Be7 {[%emt 0:00:10]} 5. Bg2 {[%emt 0:00:39]} O-O {[%emt 0:00:07]} 6. O-O {[%emt 0:00:40]} c6 {[%emt 0:00:23]} 7. Qc2 {[%emt 0:01:55]} b6 {[%emt 0:00:13]} 8. b3 {[%emt 0:02:00]} Nbd7 {[%emt 0:01:02]} 9. Rd1 {[%emt 0:00:27]} Bb7 {[%emt 0:04:16]} 10. Nc3 {[%emt 0:02:48]} Ba6 {[%emt 0:09:28]} 11. Nd2 {[%emt 0:26:41]} b5 {[%emt 0:04:31]} 12. e4 {[%emt 0:01:37]} bxc4 {[%emt 0:02:12]} 13. bxc4 {[%emt 0:00:06]} dxc4 {[%emt 0:04:07]} 14. Qa4 {[%emt 0:03:07]} Bb5 {[%emt 0:10:25]} 15. Nxb5 {[%emt 0:00:57]} Nb6 {[%emt 0:00:09]} 16. Qa5 {[%emt 0:13:53]} cxb5 {[%emt 0:00:41]} 17. Qxb5 {[%emt 0:00:06]} Qxd4 {[%emt 0:00:36]} 18. Bb2 c3 19. Nb3 Qb4 20. Qxb4 Bxb4 21. Bc1 c2 22. Rf1 Bc3 23. Ba3 Bxa1 24. Bxf8 Bb2 25. Bb4 Rd8 26. Bf3 Rd3 0-1

[Event "1st Capablanca Memorial 2017"]
[Site "Heraklion"]
[Date "2017.04.19"]
[Round "2"]
[White "Langrock, Hannes"]
[Black "Taylor, Adam C"]
[Result "1/2-1/2"]
[WhiteElo "2387"]
[BlackElo "2231"]
[Annotator "TA"]
[PlyCount "67"]
[EventDate "2017.??.??"]
[EventType "tourn"]
[EventCountry "GRE"]
[SourceTitle "playchess.com"]
[Source "ChessBase"]
[SourceQuality "1"]

{[%evp 44,67,0,0,0,0,0,0,0,0,0,0,0,0,0,0,0,0,0,0,0,0,0,0,0,0]} 1. d4 Nf6 2. Bg5 h6 3. Bxf6 exf6 4. e3 d5 {A45: Trompowsky Attack} 5. g3 (5. c4 Bb4+ 6. Nc3 O-O 7. Nge2 dxc4 8. a3 Ba5 9. Qa4 c5 10. Qxc4 cxd4 11. Nxd4 Nd7 12. Be2 {½-½ (20) Kain,A (2404)-Lloveras Rebell,J (2364) ICCF email 2013}) 5... c6 6. Bg2 Be6 7. Ne2 Bd6 8. Nd2 Nd7 $146 (8... O-O 9. O-O Re8 10. Qc1 Nd7 11. c4 {½-½ (28) Bakk,Z (2073)-Mizik,Z (2059) Hungary 2013}) 9. b3 h5 10. Nf4 h4 11. c4 hxg3 12. hxg3 Rxh1+ 13. Bxh1 Bxf4 14. gxf4 dxc4 15. bxc4 Qa5 16. Qc2 Nb6 {[%cal Bd7b6,Bb6c4,Bc4a3][%mdl 32]} 17. c5 Nc4 18. Be4 Na3 19. Qb2 Nc4 20. Qc2 Na3 21. Qb2 Nc4 22. Qc1 O-O-O 23. f5 {The position is equal.} Bd5 24. Bxd5 Nxd2 25. Qxd2 Qxd2+ 26. Kxd2 Rxd5 $11 {[%mdl 4096] Endgame KR-KR} 27. Rg1 Rxf5 28. Rxg7 {f4 is the strong threat.} Rxf2+ 29. Kd3 Rxa2 30. Rxf7 Ra3+ 31. Kd2 Ra2+ 32. Kd3 Ra3+ 33. Kd2 Ra2+ 34. Kd3 1/2-1/2

[Event "1st Capablanca Memorial 2017"]
[Site "Heraklion"]
[Date "2017.04.19"]
[Round "2"]
[White "Panagiotis Hristodoulou"]
[Black "Mikhail M Ivanov"]
[Result "0-1"]
[WhiteElo "2278"]
[BlackElo "2421"]
[Annotator "TA"]
[PlyCount "72"]
[EventDate "2017.??.??"]
[EventType "tourn"]
[EventCountry "GRE"]
[SourceTitle "playchess.com"]
[Source "ChessBase"]
[SourceQuality "1"]

{[%evp 68,72,0,-20,0,-1157,-1142]} 1. e4 c5 2. Nf3 Nc6 3. d4 cxd4 4. Nxd4 e5 5. Nb5 a6 6. Nd6+ Bxd6 7. Qxd6 Qe7 8. Qd1 Nf6 9. Nc3 d6 10. Bg5 {B32: Sicilian: Löwenthal and Kalashnikov Variations} Be6 11. Be2 (11. Nd5 Bxd5 12. exd5 Nb8 13. a4 O-O 14. a5 Nbd7 15. Be2 h6 16. Be3 Ne4 17. f3 Ng5 {½-½ (33) Sevian,S (2590)-Hernandez Carmenates,H (2487) Dallas 2016}) 11... O-O 12. O-O Nd4 13. f4 b5 $146 (13... exf4 14. Qxd4 h6 15. Bxf6 gxf6 16. Rxf4 Kh7 17. Qxf6 Qc7 18. Rh4 Qc5+ 19. Kh1 Qe3 20. e5 Qxe5 21. Qxh6+ {1-0 (21) Beltran de Heredia Eguiaz,M (2054)-Mosteiro Montoro,A (1777) Madrid 2009}) 14. f5 Nxe2+ 15. Nxe2 Bc4 16. Rf2 Bxe2 17. Rxe2 Rac8 18. Kh1 Rc6 19. Qd3 h6 20. Bh4 Rfc8 21. c3 Rc4 22. h3 a5 {[%cal Ba6a5,Ba5b4][%mdl 32]} 23. a3 Kh7 24. Rd1 R8c6 25. Red2 b4 26. cxb4 axb4 27. a4 Qa7 28. Bxf6 gxf6 29. Qd5 Kg7 30. Rd3 Qf2 31. Kh2 Qf4+ 32. Rg3+ Kf8 33. Qa5 Ke7 34. Qa7+ Rc7 35. Qb6 Rd7 36. b3 $2 {[%mdl 8192] [#]} (36. Qb5 $11 Rc2 37. Qxb4) 36... Rc3 ({Weaker is} 36... Rxe4 37. Rdd3 $15) 0-1

[Event "1st Capablanca Memorial 2017"]
[Site "Heraklion"]
[Date "2017.04.19"]
[Round "2"]
[White "Anagnostopoulos, Konstantinos"]
[Black "Vuelban, Virgilio"]
[Result "1-0"]
[WhiteElo "2201"]
[BlackElo "2257"]
[Annotator "TA"]
[PlyCount "36"]
[EventDate "2017.??.??"]
[EventType "tourn"]
[EventCountry "GRE"]
[SourceTitle "playchess.com"]
[Source "ChessBase"]
[SourceQuality "1"]

{[%evp 22,36,18,31,56,49,77,64,112,107,101,96,100,103,133,138,29989]} 1. d4 Nf6 2. Nf3 e6 3. Bf4 d5 4. e3 Bd6 5. Bg3 O-O 6. Nbd2 c5 7. c3 Nc6 8. Bb5 {D02: 1 d4 d5 2 Nf3 sidelines, including 2...Nf6 3 g3 and 2...Nf6 3 Bf4} Ne7 (8... a6 9. Bxc6 bxc6 10. Qa4 Rb8 11. Qa3 Bxg3 12. hxg3 cxd4 13. cxd4 a5 14. O-O Qb6 15. b3 Ba6 {1-0 (24) Carlsen,M (2840)-Anand,V (2779) Doha 2016}) 9. Bd3 a6 10. e4 dxe4 11. Nxe4 Nxe4 12. Bxe4 cxd4 13. Qxd4 Bxg3 14. hxg3 f5 {[#] White must now prevent ...Qxd4.} 15. Bc2 Nc6 $146 (15... Qxd4 16. Nxd4 {½-½ (73) Winants,L (2560)-Decoster,F (2330) Belgium 2016}) 16. Qc5 h6 17. Rd1 Qc7 18. Bb3 Kh8 $2 {[%mdl 8192]} (18... Qe7 $16 19. Qxe7 Nxe7) 1-0

[Event "1st Capablanca Memorial 2017"]
[Site "Heraklion"]
[Date "2017.04.18"]
[Round "2"]
[White "Vanheirzeele, Daniel"]
[Black "Tsakiris, Haralambos"]
[Result "*"]
[WhiteElo "2146"]
[BlackElo "2250"]
[Annotator "TA"]
[PlyCount "32"]
[EventDate "2017.??.??"]
[EventType "tourn"]
[EventCountry "GRE"]
[SourceTitle "playchess.com"]
[Source "ChessBase"]
[SourceQuality "1"]

{[%evp 3,4,24,25]} 1. d4 Nf6 2. Nf3 d5 3. c4 $146 c6 4. e3 Bf5 5. Nc3 e6 6. Nh4 Be4 7. f3 Bg6 8. Qb3 Qc7 9. Bd2 a6 10. Rc1 dxc4 11. Bxc4 Nbd7 12. a4 Be7 13. g3 Bh5 14. O-O O-O 15. Ng2 Rad8 16. Nf4 Kh8 {½-½ (34) So,W (2822)-Caruana,F (2817) chess.com INT 2017} *

[Event "1st Capablanca Memorial 2017"]
[Site "Heraklion"]
[Date "2017.04.19"]
[Round "2"]
[White "Vanheirzeele, Daniel"]
[Black "Tsakiris, Haralambos"]
[Result "1/2-1/2"]
[WhiteElo "2146"]
[BlackElo "2250"]
[Annotator "TA"]
[PlyCount "82"]
[EventDate "2017.??.??"]
[EventType "tourn"]
[EventCountry "GRE"]
[SourceTitle "playchess.com"]
[Source "ChessBase"]
[SourceQuality "1"]

{[%evp 18,82,12,0,27,-13,-7,-11,-7,-15,-12,-9,0,-24,-12,-43,-41,-65,-17,-37,-16,-23,-25,-35,-7,-14,0,0,0,0,0,0,19,16,41,35,36,33,39,13,28,0,0,-9,0,-27,-11,-22,0,-5,0,-24,-8,-18,0,0,8,8,40,5,6,0,5,5,8,7,17]} 1. d4 Nf6 2. Nf3 d5 3. g3 Bg4 4. Bg2 e6 5. O-O Nbd7 6. c4 c6 7. b3 Be7 8. Bb2 O-O 9. Nbd2 a5 10. a3 Qb6 {D11: Slav Defence: 3 Nf3 sidelines and 3...Nf6 4 e3 Bg4} (10... h6 11. Bc3 Bh5 12. Qc2 Bg6 13. Qb2 Ne4 14. Nxe4 Bxe4 15. c5 b5 16. b4 a4 17. Bh3 Qc7 18. Nd2 Bh7 19. Rae1 Rae8 20. f3 f5 {½-½ (20) Ruck,R (2565)-Acs,P (2599) Hungary 2016}) 11. c5 Qc7 12. b4 b6 13. Bc3 $146 (13. cxb6 Qxb6 14. Bc3 axb4 15. axb4 Rxa1 16. Qxa1 Bxb4 17. Rb1 Bxc3 18. Qxc3 {0-1 (44) Quelle,H (2184)-Muhren,B (2278) Germany 2008}) 13... bxc5 14. bxc5 a4 15. Ne1 e5 {White should prevent ...exd4.} 16. dxe5 Nxe5 17. Ndf3 Nxf3+ 18. exf3 Bf5 19. Bb4 Nd7 20. Rc1 Bf6 {Threatens to win with ...Bb2.} 21. Nc2 Bxc2 22. Rxc2 Rfe8 23. Re1 Rxe1+ 24. Qxe1 Nf8 {[%cal Bd7f8,Bf8g6,Bg6e7,Be7d5][%mdl 32]} 25. Bh3 d4 26. f4 Ng6 27. Bg2 Ne7 28. Re2 Qd7 29. Qd2 Nd5 30. Re1 Rb8 31. Rb1 Qf5 32. Re1 h5 {[%cal Bh7h5,Bh5h4][%mdl 32]} 33. Be4 Qd7 34. Rb1 h4 35. Qd3 g6 36. Qf3 Nxb4 37. axb4 Qe6 38. Bxc6 {Bd5 is the strong threat.} Rxb4 {The position is equal.} 39. Rxb4 Qe1+ 40. Kg2 Qxb4 41. Qd5 {next Be8 is good for White.} hxg3 1/2-1/2

[Event "1st Capablanca Memorial 2017"]
[Site "Heraklion"]
[Date "2017.04.19"]
[Round "2"]
[White "Triantos, Konstantinos"]
[Black "Balokas, Dimitrios"]
[Result "0-1"]
[WhiteElo "2051"]
[BlackElo "2184"]
[Annotator "TA"]
[PlyCount "68"]
[EventDate "2017.??.??"]
[EventType "tourn"]
[EventCountry "GRE"]
[SourceTitle "playchess.com"]
[Source "ChessBase"]
[SourceQuality "1"]

{[%evp 7,68,28,47,13,25,16,24,6,14,10,16,-12,-12,-28,-19,-24,-20,-41,-25,-41,-67,-58,-77,-81,-41,-40,-45,-72,-50,-51,-47,-89,-94,-122,-77,-168,-168,-171,-171,-175,-161,-280,-260,-262,-62,-43,-7,-15,0,-117,-115,-100,-90,-162,-101,-575,-201,-3250,-2887,-29996,-29969,-29997,-29998]} 1. e4 e5 2. Nf3 Nc6 3. Bb5 a6 4. Ba4 d6 5. a3 {C71: Ruy Lopez: Deferred Steinitz Variation, sidelines} (5. c3 f5 6. exf5 Bxf5 7. O-O Bd3 8. Re1 Be7 9. Qb3 b5 10. Qd5 Qd7 11. Qxd3 bxa4 12. Qc2 Nf6 13. d3 O-O 14. Nbd2 d5 15. Qxa4 Bd6 16. c4 Nb4 17. Qxd7 Nxd7 18. cxd5 {0-1 (56) Grandelius,N (2643)-Adhiban,B (2666) Doha 2016}) 5... Bd7 $146 (5... Bg4 6. d3 Qf6 7. Bg5 Bxf3 8. Bxf6 Bxd1 9. Bxg7 Bxg7 10. Kxd1 O-O-O 11. Kd2 Nce7 12. Nc3 Nf6 {0-1 (50) Stefik,M (1754)-Tupy,B (1798) Slovakia 2013}) 6. d3 g6 7. Nc3 {White has an edge.} Bg7 8. O-O Nge7 9. Be3 O-O 10. h3 Nd4 11. Bxd7 Qxd7 12. Na2 f5 13. Nxd4 exd4 14. Bd2 fxe4 15. dxe4 d5 16. exd5 Nxd5 17. c3 c5 {[%cal Bc7c5,Bc5d4,Bd4d3][%mdl 32]} 18. cxd4 Bxd4 19. Bc3 Nf4 {...Qd5 is the strong threat.} 20. Bxd4 {aiming for Be3.} cxd4 21. Nb4 (21. Qb3+ $17 {was necessary.} Kh8 22. Nb4) 21... d3 $19 22. Qb3+ Rf7 23. Rad1 {[%cal Rb4d3]} Rd8 $40 {[%mdl 128] Black attacks with force.} 24. Rd2 (24. Nc2 $142) 24... a5 {[%cal Ba6a5,Ba5a4][%mdl 32]} 25. Nc2 Qe7 $2 ({Better is} 25... a4 $19 26. Qa2 dxc2 27. Rxd7 Rdxd7) 26. Ne3 $15 Qg5 {Strongly threatening ...Nxh3+.} 27. Kh1 Rd4 28. Rg1 (28. Rc1 $11 {keeps the balance.} Qd8 29. Rc4) 28... Ne2 $17 29. Rf1 a4 30. Qa2 (30. Qb6 $17 {was worth a try.}) 30... Nf4 (30... Qh4 $19 31. b4 (31. Qe6 $2 Re4 32. Qb6 Rxf2 33. Rxd3 Ng3+ 34. Kg1 Nxf1 35. Rd8+ Rf8 36. Rxf8+ Kxf8 $19) 31... Qe4) 31. b3 $2 {[%mdl 8192] [#]} (31. Rc1 $17) 31... Qh5 $2 (31... Nxh3 $1 {[%mdl 512] ( -> ...Rh4)} 32. gxh3 Rh4) 32. Kh2 $2 {[#]} (32. Kg1) 32... Nxh3 $1 $19 {[%mdl 512]} 33. g4 (33. gxh3 Rh4) 33... Qh6 34. bxa4 Ng5+ 0-1

[Event "1st Capablanca Memorial 2017"]
[Site "Heraklion"]
[Date "2017.04.19"]
[Round "3"]
[White "Ivanov, Mikhail M"]
[Black "Langrock, Hannes"]
[Result "1/2-1/2"]
[WhiteElo "2421"]
[BlackElo "2387"]
[Annotator "TA"]
[PlyCount "47"]
[EventDate "2017.??.??"]
[EventType "tourn"]
[EventCountry "GRE"]
[SourceTitle "playchess.com"]
[Source "ChessBase"]
[SourceQuality "1"]

{[%evp 12,17,11,12,16,0,0,0]} 1. d4 Nf6 2. Nf3 e6 3. Bg5 c5 4. c3 d5 5. e3 Nc6 6. Nbd2 Be7 7. Bd3 {The position is equal.} b6 {D03: 1 d4 d5 2 Nf3 Nf6 3 Bg5, including Torre Attack with early ...d5} 8. O-O Bb7 9. Qe2 O-O $146 10. Ne5 Nxe5 11. dxe5 Nd7 12. Bxe7 Qxe7 13. f4 f6 14. exf6 Rxf6 15. e4 c4 16. Bc2 Raf8 17. g3 e5 18. exd5 Qc5+ 19. Qf2 exf4 20. Ne4 Qxd5 21. Rad1 fxg3 22. Qxg3 Rxf1+ 23. Rxf1 Rxf1+ 24. Kxf1 {0-1 (34) Bacrot,E (2695)-Grischuk,A (2715) Moscow 2007} 1/2-1/2

[Event "1st Capablanca Memorial 2017"]
[Site "Heraklion"]
[Date "2017.04.19"]
[Round "3"]
[White "Vuelban, Virgilio"]
[Black "Hristodoulou, Panagiotis"]
[Result "1-0"]
[WhiteElo "2257"]
[BlackElo "2278"]
[Annotator "TA"]
[PlyCount "63"]
[EventDate "2017.??.??"]
[EventType "tourn"]
[EventCountry "GRE"]
[SourceTitle "playchess.com"]
[Source "ChessBase"]
[SourceQuality "1"]

{[%evp 28,63,25,18,18,0,25,19,10,0,0,0,0,0,0,-19,0,0,0,0,50,10,47,18,0,6,0,-175,-149,-301,-82,-93,-32,-88,868,868,836,825]} 1. e4 {[%cal Be2e4,Be4e5][%mdl 32]} e6 2. d4 d5 3. Nc3 Nf6 4. Bg5 Bb4 5. e5 h6 6. Bd2 Bxc3 7. bxc3 Ne4 8. Qg4 g6 9. Bd3 Nxd2 10. Kxd2 c5 11. Nf3 Nc6 12. h4 Qa5 13. Qf4 Nxd4 14. Nxd4 cxd4 15. Qxd4 Bd7 {C12: French: Classical System: McCutcheon Variation} 16. Rhb1 Qc7 17. f4 $146 (17. Rb4 Bc6 18. Rab1 h5 19. Qf4 Qe7 20. Qe3 Kf8 21. Ke2 Kg7 22. Rf4 Rh7 23. Rbb4 {½-½ (30) Boccia,M (2470)-Savoca,A (2387) ICCF email 2011}) 17... h5 {The position is equal.} 18. Rb3 Bc6 19. Rab1 Qe7 20. g3 O-O 21. Rg1 Kg7 22. Rbb1 Rh8 $1 23. Rbf1 b6 24. f5 exf5 {[#]} 25. Bxf5 $1 {[%mdl 512]} gxf5 26. Rxf5 {Strongly threatening g4.} Rh6 $1 27. Rgf1 $2 (27. g4 $11 {and White has nothing to worry.} Re6 28. gxh5+ Kh8 29. Qf4) 27... Rf8 28. Rf6 $2 {[#]} (28. Rg5+ $17 Rg6 29. Rff5) 28... Rg6 $2 (28... Bd7 $1 $19 {has better winning chances. Threatens to win with ...Be6.} 29. Rxh6 Kxh6 30. Rf6+ Kg7) 29. R1f5 $17 Be8 (29... Kg8 $17 {Hoping for ...Bd7.} 30. Qf4 Bd7) 30. Rxh5 ({White should try} 30. g4 $1 $15) 30... Rh8 $2 {[%mdl 8192]} (30... Bd7 $17 31. Qf4 Be6) 31. Rxg6+ $18 fxg6 32. e6+ $1 1-0